Beskid Śląski - Statystyki

Ogólne statystyki
  • Ten quiz został rozwiązany 11 razy
  • Średni wynik to 4 z 18
Statystyki odpowiedzi
Pytanie Odpowiedź % Poprawnych
Najwyższy szczyt Beskidu Śląskiego Skrzyczne
90%
Najważniejsza rzeka Beskidu Śląskiego Wisła
80%
Rzeka będąca granicą Bielska i Białej Biała
70%
Trójstyk granic Polski, Czech i ... Słowacji
70%
Na stokach jakiej góry znajdują się kaskady Rodła? Barania Góra
40%
Jaskinia znajdująca się niedaleko Kopy Skrzeczeńskiej Malinowska
30%
Najstarsze murowane schronisko w Beskidach (1897) na Szyndzielni
20%
Na jakiej rzece zbudowana jest zapora im. Ignacego Mościckiego? Wapiennica
20%
Co oddziela Beskid Żywiecki i Śląski? Kotlina Żywiecka
10%
Najstarsze polskie schronisko (1922) Stożek
10%
Chatka Studencka w Beskidzie Śląskim AKT na Pietraszonce
0%
Pasmo, w którym znajduje się Błatnia Pasmo Błatniej
0%
Pasmo, w którym znajdują się ruiny basenu Pasmo Klimczoka i Szyndzielni
0%
Pasmo na wschód od Ustronia Pasmo Równicy
0%
Pasmo, w którym znajduje się Barania Góra Pasmo Skrzycznego i Baraniej Góry
0%
Pasmo, w którym znajduję się Wielka Czantoria Pasmo Wielkiej Czantorii
0%
Schronisko z największą ilością miejsc noclegowych w Beskidzie Śląskim Przysłop pod Baranią Górą
0%
Jezioro Beskidu Śląskiego Wapiennickie
0%
Nie znaleziono quizów pasujących do podanych kryteriów
Rozkład punktacji
Procent ludzi z każdym wynikiem
Percentyl według liczby udzielonych odpowiedzi
Twoja historia wyników
Nie rozwiązałeś tego quizu